L'Hostal de la Glòria / de Josep M. de Sagarra
Descripción Física:
96 p. ; 18 cm
MARC
| LEADER | 00000nam a2200000Ia 4500 | ||
|---|---|---|---|
| 001 | 11660 | ||
| 008 | 160829s9999 xx 000 0 cat d | ||
| 080 | |a L-1-340 | ||
| 100 | 1 | |a Sagarra, Josep M. de, |d 1894-1961 |e autor |9 56454 | |
| 245 | |a L'Hostal de la Glòria / de Josep M. de Sagarra | ||
| 260 | |a Barcelona : |b (Llibreria Millà), [1932?] | ||
| 300 | |a 96 p. ; |c 18 cm | ||
| 590 | |a Premi Ignasi Iglesias 1932. | ||
| 590 | |a Poema en tres actes i en vers estrenada el 7 d'octubre de 1931 al Teatre Romea. | ||
| 590 | |a Prové de 4165, exp. 175, on hi ha tota la documentació relativa als Premis Literaris de l'any 1932 | ||
| 901 | |a Arxiu | ||
| 942 | |n 1 |2 udc | ||
| 952 | |0 0 |1 0 |4 0 |6 L1340 |7 1 |9 53727 |a Arxiu |b Arxiu |d 2016-12-01 |l 0 |o L-1-340 |p 11660 |r 2016-12-01 00:00:00 |w 2016-12-01 |y ARXIU | ||
| 999 | |c 57593 |d 57593 | ||